000 00672nam a2200229Ia 4500
003 OSt
005 20221005133731.0
006 a|||||r|||| 00| 0
007 ta
008 221004b |||||||| |||| 00| 0 pan d
024 _a62865
037 _cTextual
040 _aCRL
_cCRL
_bpan
041 _2pan
_apan
082 _aO153,2NPG,KO, K8
100 _aਗਾਰਗੀ, ਪਰਿਤੋF
_9158781
245 0 _aਕੋ੍ਵਪਲ ਫੁੱਟੀ ਲਾਵੇ ਚੋ੍ਵ
260 _c1968
650 _aਪੰਜਾਬੀ ਸਾਹਿਤ
942 _hO153,2NPG,KO, K8
_cTEXL
_2cc
999 _c1067726
_d1067726